1036 1041 1117 1557 1388 1954 1651 1563 1897 1093 1062 1165 1145 1871 1187 1509 1452 1382 1327 1888 1595 1021 1018 1672 1177 1424 1669 1710 1021 1536 1600 1433 1594 1621 1754 1637 1351 1593 1243 1284 1030 1660 1296 1514 1950 1527 1093 1602 1775 1608 1733 1877 1903 1452 1735 1566 1444 1464 1595 1057 1027 1095 1546 1809 1921 1850 1662 1736 1196 1711 1925 1696 1502 1108 1138 1643 1751 1286 1435 1617 1512 1008 1192 1738 1933 1319 1725 1225 1175 1324 1499 1478 1705 1547 1860 1496 1630 1544 1249 BCNSPRNW ULIB Ver.6.0+V

เปลี่ยนเป็นภาษาไทย

Change to English
 แสดงรายละเอียดบรรณานุกรม
  กลับหน้าหลัก

Brief Record : Get Marc (ISO 2709) : E-mail record : QR code < ปิดหน้าต่าง
LEADER : 00000nam 2200000uu 4500
001    13399109420
003     ULIB
008    110208s2552||||th 000 0 tha d
020    9786167283036
060 04 WB108^bป615ร 2552
100 0  ปิติกานต์ บูรณาภาพ
245 00 10 โรค 10 ภัยพาล วัยทำงานพึงระวัง! /^cปิติกานต์ บูรณาภาพ, บก.เรียบเรียง
250    พิมพ์ครั้งที่ 1
260    กรุงเทพฯ :^bวิทยสถาน,^c2552
300    192 หน้า :^bภาพประกอบ ;^c21 ซม.
650  7 โรค^xการป้องกันและควบคุม
700 0  ปิติกานต์ บูรณาภาพ,^eบรรณาธิการ
945    ^p150^l0^i027707
995    ทศพร
999 ^a ใช้งานได้ทุกระบบ
รายการนี้ยังไม่มีแท็ก
คุณยังไม่ได้ล็อกอิน คุณสามารถมีกิจกรรมร่วมกับเว็บไซต์ได้ แต่ต้องล็อกอินก่อน ::
  ล็อกอิน

รายการสื่อสารสนเทศ

ลำดับที่ ประเภท เลขเรียก/บาร์โค้ด สถานที่ สถานะ
- ไม่พบข้อมูล -

รายการใกล้เคียง
    ผู้แต่ง [ปิติกานต์ บูรณาภาพ]

BibComment


ยังไม่เคยถูกคอมเมนท์

คอมเมนท์ทรัพยากรรายการนี้
  คอมเมนท์: 10 โรค 10 ภัยพาล ..


 Copyright 2026. Bcnsprnw @Library